Mobility of visually impaired people: (Record no. 20638)
[ view plain ]
| 000 -LEADER | |
|---|---|
| fixed length control field | 00693nam a22001817a 4500 |
| 008 - FIXED-LENGTH DATA ELEMENTS--GENERAL INFORMATION | |
| fixed length control field | 250210b |||||||| |||| 00| 0 eng d |
| 020 ## - INTERNATIONAL STANDARD BOOK NUMBER | |
| International Standard Book Number | 9783319544441 |
| 040 ## - CATALOGING SOURCE | |
| Original cataloging agency | KABU |
| Transcribing agency | KABU |
| 050 ## - LIBRARY OF CONGRESS CALL NUMBER | |
| Classification number | HV1758 |
| Item number | .M68 2018 |
| 245 ## - TITLE STATEMENT | |
| Title | Mobility of visually impaired people: |
| Remainder of title | fundamentals and ICT assistive technologies / |
| Statement of responsibility, etc. | edited by Edwige Pissaloux & Ramiro Velazquez |
| 260 ## - PUBLICATION, DISTRIBUTION, ETC. (IMPRINT) | |
| Place of publication, distribution, etc. | Cham, Switzerland: |
| Name of publisher, distributor, etc. | Springer, |
| Date of publication, distribution, etc. | 2018 |
| 300 ## - PHYSICAL DESCRIPTION | |
| Extent | xix, 652p. |
| Other physical details | includes bibliographical references and index |
| 650 ## - SUBJECT ADDED ENTRY--TOPICAL TERM | |
| Topical term or geographic name as entry element | People with visual disabilities |
| 650 ## - SUBJECT ADDED ENTRY--TOPICAL TERM | |
| Topical term or geographic name as entry element | Computers and people with visual disabilities |
| 700 ## - ADDED ENTRY--PERSONAL NAME | |
| Personal name | Pissaloux, Edwige |
| Relator term | Editor. |
| 700 ## - ADDED ENTRY--PERSONAL NAME | |
| Personal name | Velazquez, Ramiro |
| Relator term | Editor. |
| 942 ## - ADDED ENTRY ELEMENTS (KOHA) | |
| Source of classification or shelving scheme | Library of Congress Classification |
| Koha item type | General Collection |
| Withdrawn status | Lost status | Source of classification or shelving scheme | Not for loan | Home library | Current library | Shelving location | Date acquired | Cost, normal purchase price | Inventory number | Total Checkouts | Full call number | Barcode | Date last seen | Copy number | Price effective from | Koha item type |
|---|---|---|---|---|---|---|---|---|---|---|---|---|---|---|---|---|
| Library of Congress Classification | Kabarak, Main Campus | Kabarak, Main Campus | General Stacks | 10/02/2025 | 29870.00 | 2024/0585 | HV1758 .M68 2018 C.1 | 34137 | 10/02/2025 | C.1 | 10/02/2025 | General Collection | ||||
| Library of Congress Classification | Kabarak, Main Campus | Kabarak, Main Campus | General Stacks | 10/02/2025 | 29870.00 | 2024/0584 | HV1758 .M68 2018 C.2 | 34125 | 10/02/2025 | C.2 | 10/02/2025 | General Collection |